[Event "Flint (MI Jr/5/5)"]
[Site "?"]
[Date "1996.??.??"]
[Round "?"]
[White "Fredenburg, Jeff"]
[Black "Raupp, Kenneth A"]
[Result "0-1"]
[WhiteElo "1605"]
[BlackElo "1605"]
[PlyCount "123"]
[EventDate "1996.??.??"]

{5/(5)} 1. d4 e6 2. c4 f5 3. Nf3 Nf6 4. g3 Be7 5. Bg2 d6 6. O-O O-O 7. Nc3 Nbd7
8. Qc2 Qe8 9. e4 fxe4 10. Nxe4 Nxe4 11. Qxe4 Nf6 12. Qc2 Bd7 13. Nh4 Rb8 14.
Ng6 Rf7 15. Nxe7+ Qxe7 16. h3 e5 17. dxe5 Qxe5 18. Bf4 Qh5 19. Qd1 Qf5 20. b3
g5 21. Be3 b6 22. Bd4 Rbf8 23. Bxf6 Qxf6 24. Bd5 Bxh3 25. Bxf7+ Rxf7 26. Qd5
Bxf1 27. Rxf1 Qf3 28. Qe6 Qf6 29. Qd5 Qe5 30. Qa8+ Kg7 31. Qxa7 Qb2 32. Qa4 Re7
33. a3 Qc3 34. Qb5 Qa5 35. a4 Qxb5 36. axb5 Re2 37. Rb1 Kf6 38. Kg2 g4 39. Kf1
Re4 40. Rd1 Kf5 41. Rd3 Re8 42. f4 gxf3 43. Rxf3+ Kg6 44. Kf2 h5 45. Rf4 Re5
46. Rd4 Kg5 47. Rd5 Rxd5 48. cxd5 Kg4 49. b4 Kg5 50. Kf3 Kf5 51. Kg2 Ke5 52.
Kh3 Kxd5 53. Kh4 Kc4 54. Kxh5 d5 55. g4 d4 56. g5 d3 57. g6 d2 58. g7 d1=Q+ 59.
Kh6 Qg1 60. Kh7 Kxb4 61. g8=Q Qxg8+ 62. Kxg8 0-1

[Event "Howell (US Am N/6/12)"]
[Site "?"]
[Date "1996.??.??"]
[Round "?"]
[White "Fredenburg, Jeff"]
[Black "Merte, Otto"]
[Result "1-0"]
[WhiteElo "1605"]
[BlackElo "1850"]
[PlyCount "87"]
[EventDate "1996.??.??"]

{6/(12)} 1. d4 Nf6 2. c4 g6 3. Nc3 d5 4. Bf4 Bg7 5. e3 a6 6. Nf3 O-O 7. Be2
dxc4 8. Bxc4 c5 9. O-O cxd4 10. Nxd4 b5 11. Qf3 Ra7 12. Bxf7+ Rxf7 13. Bxb8 Bg4
14. Qg3 Rb7 15. Be5 Bc8 16. Rfd1 Nh5 17. Bxg7 Nxg3 18. Ne6 Bxe6 19. Rxd8+ Kxg7
20. hxg3 Rf8 21. Rxf8 Kxf8 22. a3 Rd7 23. Rd1 Rxd1+ 24. Nxd1 Kf7 25. Nc3 Kf6
26. f3 Bc4 27. Ne4+ Ke5 28. Kf2 Bd5 29. Nc3 Bb7 30. Ke2 g5 31. Kd3 h6 32. e4
Bc6 33. Ke3 Ke6 34. Kd4 Kd6 35. f4 g4 36. Nd1 Ke6 37. Ne3 h5 38. Nc2 Kd6 39.
Nb4 Bb7 40. Nd3 Kc7 41. Nc5 Bc8 42. Ke5 Kb6 43. b4 Kc6 44. Ne6 1-0

[Event "Howell (US Am N/4/32)"]
[Site "?"]
[Date "1996.??.??"]
[Round "?"]
[White "Fredenburg, Jeff"]
[Black "Jackson, Katrina"]
[Result "1-0"]
[WhiteElo "1605"]
[BlackElo "1605"]
[PlyCount "55"]
[EventDate "1996.??.??"]

{4/(32)} 1. d4 e6 2. c4 d5 3. Nc3 Nf6 4. Bg5 Be7 5. e3 Ne4 6. Bxe7 Qxe7 7. Rc1
Nxc3 8. Rxc3 O-O 9. Nf3 Rd8 10. Qc2 h6 11. cxd5 c6 12. dxc6 Nxc6 13. a3 e5 14.
dxe5 Nxe5 15. Be2 Bg4 16. Nd4 Bxe2 17. Nxe2 Rac8 18. Rxc8 Rxc8 19. Qxc8+ Kh7
20. Qc2+ Kg8 21. O-O b6 22. Rc1 a5 23. h3 Qf6 24. Qe4 Nd7 25. Rc8+ Nf8 26. Nc3
Qd6 27. Nd5 Qd7 28. Ne7+ 1-0

[Event "Flint (MI Jr/1/8)"]
[Site "?"]
[Date "1996.??.??"]
[Round "?"]
[White "Fredenburg, Jeff"]
[Black "Banks, David"]
[Result "1-0"]
[WhiteElo "1605"]
[BlackElo "1605"]
[PlyCount "95"]
[EventDate "1996.??.??"]

{1/(8)} 1. d4 c6 2. c4 d5 3. Nf3 Nf6 4. Bg5 Ne4 5. e3 Nxg5 6. Nxg5 e5 7. Nf3
Bg4 8. Be2 Bxf3 9. Bxf3 e4 10. Be2 Bb4+ 11. Nc3 Nd7 12. O-O Bxc3 13. bxc3 O-O
14. Qb3 dxc4 15. Qxc4 Qc7 16. a4 Nb6 17. Qb3 a5 18. c4 Rad8 19. Rab1 Nd7 20.
Qxb7 Qd6 21. Qb3 Rb8 22. Qc3 c5 23. Rfd1 Rxb1 24. Rxb1 cxd4 25. Qxd4 Qxd4 26.
exd4 g6 27. Rb5 Rb8 28. Rxb8+ Nxb8 29. c5 Kf8 30. Bd1 Ke7 31. Kf1 f5 32. f4
exf3 33. gxf3 h5 34. h4 f4 35. Ke1 Kd7 36. Kd2 Ke7 37. Kd3 Kd7 38. Ke4 Kc7 39.
Kxf4 g5+ 40. hxg5 h4 41. Kg4 h3 42. Kxh3 Kb7 43. g6 Kc8 44. g7 Na6 45. g8=Q+
Kb7 46. Qe8 Nb8 47. Qe7+ Ka8 48. c6 1-0

[Event "Ann Arbor (HVA/5/5)"]
[Site "?"]
[Date "1996.??.??"]
[Round "?"]
[White "Frantz, John W"]
[Black "Williams, M."]
[Result "0-1"]
[WhiteElo "1605"]
[BlackElo "1605"]
[PlyCount "78"]
[EventDate "1996.??.??"]

{5/(5)} 1. b4 e5 2. b5 Bc5 3. Bb2 d6 4. e3 Nf6 5. Nf3 O-O 6. d4 Bb4+ 7. c3 Ba5
8. Be2 e4 9. Nfd2 d5 10. O-O c6 11. f3 Re8 12. a4 a6 13. c4 Bc7 14. Nc3 Qd6 15.
g3 Nh5 16. c5 Qg6 17. g4 f5 18. b6 fxg4 19. fxg4 Nf6 20. Rxf6 Qxf6 21. bxc7 Nd7
22. Qf1 Qh4 23. Qg2 Nf6 24. h3 Re6 25. Nd1 Ne8 26. Nf2 Rg6 27. Nf1 Nxc7 28. Bc3
Ne6 29. Be1 Ng5 30. Rb1 h5 31. Kh2 Nh7 32. Nxe4 Qe7 33. Nd6 hxg4 34. Bxg4 Bxg4
35. hxg4 Nf6 36. Rxb7 Qe6 37. g5 Ng4+ 38. Kg1 Rxg5 39. Qg3 Nf2 0-1

[Event "Lansing (MOR/4/35)"]
[Site "?"]
[Date "1996.??.??"]
[Round "?"]
[White "Frantz, John W"]
[Black "Sobh, Mohamed"]
[Result "1-0"]
[WhiteElo "1605"]
[BlackElo "1605"]
[PlyCount "52"]
[EventDate "1996.??.??"]

{4/(35)} 1. b4 e5 2. b5 c6 3. a4 cxb5 4. axb5 d6 5. c4 Nd7 6. e3 Nc5 7. d4 exd4
8. exd4 Ne6 9. Nf3 b6 10. Qe2 h6 11. d5 Nf6 12. Nc3 Be7 13. dxe6 Bxe6 14. g3
Qc7 15. Ba3 Bxc4 16. Qxc4 Qxc4 17. Bxc4 Rc8 18. Nd2 d5 19. Nxd5 Bxa3 20. Nxf6+
gxf6 21. Rxa3 O-O 22. O-O Rfd8 23. Bxf7+ Kxf7 24. Rxa7+ Kf8 25. Ne4 f5 26. Nf6
Rc6 1-0

[Event "Detroit (MI Action/1/22)"]
[Site "?"]
[Date "1996.??.??"]
[Round "?"]
[White "Frantz, John W"]
[Black "Powell, Chris"]
[Result "1-0"]
[WhiteElo "1605"]
[BlackElo "1605"]
[PlyCount "71"]
[EventDate "1996.??.??"]

{1/(22)} 1. b4 g5 2. Bb2 Nf6 3. e3 Na6 4. b5 c6 5. bxa6 bxa6 6. c4 d5 7. Qa4
Bf5 8. Qxc6+ Bd7 9. Qxd5 Nxd5 10. Bxh8 Qa5 11. cxd5 Qxd5 12. Nc3 Qc5 13. Nf3
Bb5 14. Bxb5+ axb5 15. O-O b4 16. Ne4 Qa5 17. Nexg5 h6 18. Ne4 f5 19. Ng3 Rd8
20. Nd4 e5 21. Nc6 Qb6 22. Nxd8 Qxd8 23. Nxf5 Qa5 24. Rfc1 Bc5 25. Bxe5 b3 26.
axb3 Ba3 27. Rc8+ Kd7 28. Rc7+ Ke6 29. Nd4+ Kxe5 30. Nc6+ Kd6 31. Nxa5 Kxc7 32.
Rxa3 h5 33. Ra4 a6 34. Rd4 Kb6 35. Nc4+ Ka7 36. f4 1-0

[Event "Ann Arbor (Fall Open/1/12)"]
[Site "?"]
[Date "1996.??.??"]
[Round "?"]
[White "Frantz, John W"]
[Black "Nikitin, Matt"]
[Result "1-0"]
[WhiteElo "1605"]
[BlackElo "1605"]
[PlyCount "69"]
[EventDate "1996.??.??"]

{1/(12)} 1. b4 e5 2. b5 d5 3. Bb2 Bd6 4. e3 Nf6 5. c4 O-O 6. Nc3 Be6 7. d3 Re8
8. Be2 c6 9. a4 Qa5 10. Nf3 Nbd7 11. O-O e4 12. dxe4 Nxe4 13. Nxe4 dxe4 14.
Qxd6 exf3 15. Qg3 g6 16. Qxf3 Qb4 17. Ba3 Qxa4 18. bxc6 bxc6 19. Bc5 Qb3 20.
Rfb1 Qc3 21. Bd4 Qd2 22. Rb2 Ne5 23. Rxd2 Nxf3+ 24. Bxf3 Bxc4 25. Bxc6 a5 26.
Bxe8 Rxe8 27. Rxa5 Rb8 28. Rb2 Rc8 29. Rc5 Be6 30. Rxc8+ Bxc8 31. Rb8 f5 32.
Rxc8+ Kf7 33. Rc7+ Kg8 34. Rg7+ Kh8 35. Rxg6# 1-0

[Event "Ann Arbor (Fall Open/4/8)"]
[Site "?"]
[Date "1996.??.??"]
[Round "?"]
[White "Frantz, John W"]
[Black "Mears, M."]
[Result "1-0"]
[WhiteElo "1605"]
[BlackElo "1605"]
[PlyCount "20"]
[EventDate "1996.??.??"]

{4/(8)} 1. b4 e5 2. b5 d5 3. c4 dxc4 4. e3 Nf6 5. Qa4 c6 6. Bxc4 cxb5 7. Qxb5+
Nfd7 8. Bb2 Nc6 9. Nf3 a6 10. Qd5 Nb4 1-0

[Event "Lansing (MOR/6/35)"]
[Site "?"]
[Date "1996.??.??"]
[Round "?"]
[White "Frantz, John W"]
[Black "McNair, P."]
[Result "1-0"]
[WhiteElo "1605"]
[BlackElo "1605"]
[PlyCount "83"]
[EventDate "1996.??.??"]

{6/(35)} 1. b4 e5 2. b5 Nf6 3. Bb2 Bc5 4. e3 Qe7 5. a4 O-O 6. Ba3 d6 7. c4 Ne4
8. Bd3 Qg5 9. Bxe4 f5 10. Nh3 Qf6 11. Bd5+ Kh8 12. d3 f4 13. exf4 Bxh3 14. Bxb7
Qxf4 15. O-O Bxf2+ 16. Kh1 Bg4 17. Qd2 Qf6 18. Nc3 Qh4 19. Ne4 Nd7 20. Bxa8 Bd4
21. Rxf8+ Nxf8 22. Qg5 Qxg5 23. Nxg5 Bxa1 24. Nf7+ Kg8 25. Bd5 Be6 26. Nxd6 Bc3
27. Nc8 a5 28. bxa6 Bxd5 29. cxd5 Bd4 30. a7 Bxa7 31. Nxa7 Nd7 32. a5 g5 33.
Nc6 Kf7 34. a6 h5 35. Bc1 g4 36. Be3 Kf6 37. a7 Nb6 38. Bxb6 cxb6 39. a8=Q b5
40. Qf8+ Kg5 41. Nxe5 Kh4 42. Qf6# 1-0

[Event "Detroit (WCO/3/10)"]
[Site "?"]
[Date "1996.??.??"]
[Round "?"]
[White "Frantz, John W"]
[Black "Jaynes, K."]
[Result "1-0"]
[WhiteElo "1605"]
[BlackElo "1605"]
[PlyCount "71"]
[EventDate "1996.??.??"]

{3/(10)} 1. b4 Nf6 2. e3 e5 3. b5 d5 4. c4 c6 5. Bb2 e4 6. Nc3 cxb5 7. cxb5 Be7
8. d3 O-O 9. h3 Qa5 10. Qa4 Qxa4 11. Nxa4 Bd7 12. dxe4 dxe4 13. Rc1 a6 14. Nc5
axb5 15. Bxf6 Bxc5 16. Rxc5 gxf6 17. Bxb5 Bxb5 18. Rxb5 Rxa2 19. Rb1 Rc8 20.
Rd1 b5 21. h4 b4 22. Nh3 b3 23. O-O Na6 24. f3 exf3 25. gxf3 Rcc2 26. Nf4 Nc5
27. Rfe1 Na4 28. Nh5 Kf8 29. Rd8+ Ke7 30. Red1 Rc7 31. Ng7 f5 32. Re8+ Kf6 33.
Nh5+ Kg6 34. Nf4+ Kh6 35. Rd6+ Kg7 36. Nh5# 1-0

[Event "Ann Arbor (HVA/3/4)"]
[Site "?"]
[Date "1996.??.??"]
[Round "?"]
[White "Frantz, John W"]
[Black "Iyer, Krishnan"]
[Result "0-1"]
[WhiteElo "1605"]
[BlackElo "1605"]
[PlyCount "68"]
[EventDate "1996.??.??"]

{3/(4)} 1. b4 e5 2. b5 Bc5 3. c4 Nf6 4. e3 d6 5. Bb2 O-O 6. a3 a6 7. d4 exd4 8.
Bxd4 axb5 9. cxb5 Bf5 10. Nc3 Rxa3 11. Rxa3 Bxa3 12. Qb3 Bc5 13. Bc4 Bxd4 14.
exd4 Qe7+ 15. Nge2 Nbd7 16. O-O Nb6 17. Nf4 Nxc4 18. Qxc4 Rc8 19. Ra1 c6 20. h3
g5 21. Nfe2 Be6 22. Qd3 Qd7 23. f4 g4 24. bxc6 bxc6 25. Qg3 Kh8 26. Ra5 gxh3
27. gxh3 d5 28. Qg5 Rg8 29. Ra8 Bxh3 30. Rxg8+ Nxg8 31. Ng3 Qg4 32. Qe5+ Qg7
33. Kf2 Nf6 34. Nce2 Ng4+ 0-1

[Event "Detroit (MI Action/2/10)"]
[Site "?"]
[Date "1996.??.??"]
[Round "?"]
[White "Frantz, John W"]
[Black "Gentry, Bronson"]
[Result "0-1"]
[WhiteElo "1605"]
[BlackElo "1605"]
[PlyCount "108"]
[EventDate "1996.??.??"]

{2/(10)} 1. b4 d5 2. Bb2 a6 3. e3 Nc6 4. a4 e5 5. b5 axb5 6. axb5 Rxa1 7. Bxa1
Na5 8. Bxe5 Nf6 9. Nf3 Bg4 10. Be2 Be7 11. h3 Be6 12. O-O O-O 13. c3 c6 14. Qc2
h6 15. d4 cxb5 16. Bxb5 Qb6 17. Bd3 Rc8 18. g4 Nd7 19. Bf5 Nc4 20. Bxe6 Qxe6
21. Bf4 b5 22. g5 Qxh3 23. Ne5 Ndxe5 24. Bxe5 Bxg5 25. f4 Nxe3 26. Qe2 Qg3+ 27.
Kh1 Nxf1 28. Qxf1 Bf6 29. Qxb5 Bxe5 30. fxe5 Qf3+ 31. Kg1 Ra8 32. Qb2 g5 33.
Nd2 Qd1+ 34. Kf2 Ra1 35. e6 Qg1+ 36. Kf3 g4+ 37. Kf4 Qf2+ 38. Ke5 Re1+ 39. Kxd5
fxe6+ 40. Kd6 Qf4+ 41. Kc6 Re2 42. Qa2 Qxd2 43. Qa8+ Kg7 44. Qb7+ Kg6 45. Qb1+
Qc2 46. Qf1 Qxc3+ 47. Kd7 Qxd4+ 48. Kc7 Qa7+ 49. Kc8 Rf2 50. Qb1+ Rf5 51. Qe4
Qb8+ 52. Kd7 Qb5+ 53. Kc7 Qc5+ 54. Kd7 Qd5+ 0-1

[Event "Ann Arbor (Mini-Swiss/1/13)"]
[Site "?"]
[Date "1996.??.??"]
[Round "?"]
[White "Frantz, John W"]
[Black "Gaiefsky, Joey"]
[Result "0-1"]
[WhiteElo "1605"]
[BlackElo "1605"]
[PlyCount "148"]
[EventDate "1996.??.??"]

{1/(13)} 1. b4 e5 2. Bb2 d6 3. c4 Be6 4. e3 Nf6 5. Nc3 Be7 6. d4 exd4 7. exd4
c5 8. dxc5 dxc5 9. Qxd8+ Bxd8 10. bxc5 O-O 11. Nf3 Re8 12. O-O-O Nfd7 13. Ne4
Bc7 14. Nd6 Bxd6 15. cxd6 Nc6 16. Bd3 Nb4 17. a3 Nxd3+ 18. Rxd3 Bxc4 19. Rd4
Rac8 20. Kb1 Be6 21. Re1 Nc5 22. Ng5 Bf5+ 23. Ne4 Bxe4+ 24. Rexe4 Nxe4 25. d7
Nxf2 26. dxe8=Q+ Rxe8 27. Rd7 Rc8 28. Bd4 Ne4 29. Bxa7 Nf6 30. Re7 Re8 31. Rxb7
h6 32. a4 Re1+ 33. Kc2 Re2+ 34. Kd3 Rxg2 35. Bb8 Ra2 36. Ra7 Nd5 37. a5 Nb4+
38. Kc4 Nc6 39. Ra8 Nxb8 40. Rxb8+ Kh7 41. Ra8 f5 42. a6 f4 43. a7 f3 44. Rf8
Rxa7 45. Rxf3 Rd7 46. h4 g5 47. h5 Kg7 48. Ra3 Rf7 49. Kd4 Rf4+ 50. Ke5 Rf7 51.
Ra6 Re7+ 52. Kf5 Rf7+ 53. Kg4 Rf4+ 54. Kg3 Rh4 55. Ra7+ Kf8 56. Ra8+ Ke7 57.
Ra6 Rxh5 58. Kg4 Rh4+ 59. Kf5 Rf4+ 60. Kg6 Rh4 61. Ra7+ Ke6 62. Rh7 Ke5 63. Rf7
Rf4 64. Rh7 Rh4 65. Rf7 Ke6 66. Rf6+ Ke5 67. Rf5+ Ke4 68. Rf7 g4 69. Ra7 Kf3
70. Ra4 Rh1 71. Kf5 g3 72. Rf4+ Kg2 73. Ra4 Kh3 74. Ra6 g2 0-1

[Event "Detroit (MI Action/4/8)"]
[Site "?"]
[Date "1996.??.??"]
[Round "?"]
[White "Frantz, John W"]
[Black "Brown, S."]
[Result "0-1"]
[WhiteElo "1605"]
[BlackElo "1605"]
[PlyCount "54"]
[EventDate "1996.??.??"]

{4/(8)} 1. b4 a5 2. b5 c6 3. a4 d5 4. Bb2 Bd7 5. e3 cxb5 6. Bxb5 Bxb5 7. axb5
Nd7 8. Nf3 f6 9. O-O e5 10. d3 Bb4 11. c4 Ne7 12. Bc3 O-O 13. cxd5 Nxd5 14. Qb3
Nc5 15. Qa2 Rc8 16. Qc2 Nxc3 17. Nxc3 Qxd3 18. Qxd3 Nxd3 19. Nd5 Bc5 20. Ra3
Bxa3 21. Rd1 Nb2 22. Rd2 Rfd8 23. Nb6 Rxd2 24. Nxd2 Rd8 25. Nf1 Rd1 26. g3 Bc5
27. Nc8 Rd8 0-1

[Event "Detroit (WCO/1/18)"]
[Site "?"]
[Date "1996.??.??"]
[Round "?"]
[White "Frantz, John W"]
[Black "Akinlua, T."]
[Result "1-0"]
[WhiteElo "1605"]
[BlackElo "1605"]
[PlyCount "81"]
[EventDate "1996.??.??"]

{1/(18)} 1. b4 d5 2. e3 e6 3. b5 c6 4. a4 Nf6 5. Bb2 g6 6. Nf3 Bg7 7. Ba3 Nbd7
8. Be2 b6 9. O-O Nc5 10. d4 Nxa4 11. c4 Nb2 12. Bxb2 O-O 13. Nc3 Bd7 14. Ne5
Ne4 15. bxc6 Be8 16. Nxe4 dxe4 17. Ba3 Bxe5 18. dxe5 Bxc6 19. Bxf8 Qxf8 20. Qd6
Qc8 21. c5 bxc5 22. Rfc1 Qd7 23. Rxc5 Qxd6 24. exd6 Bd7 25. h3 Rb8 26. Rxa7 Rd8
27. Rcc7 Be8 28. d7 Bxd7 29. Rxd7 Rxd7 30. Rxd7 h5 31. g4 f5 32. gxh5 gxh5 33.
Bxh5 e5 34. Kg2 f4 35. h4 Kf8 36. Kh3 Kg8 37. Kg4 Kh8 38. Kg5 Kg8 39. Kf6 Kh8
40. Kg6 fxe3 41. Rd8# 1-0

[Event "Lansing (MOR/2/38)"]
[Site "?"]
[Date "1996.??.??"]
[Round "?"]
[White "Frantz, John W"]
[Black "Abdul-Mujeeb, N."]
[Result "0-1"]
[WhiteElo "1605"]
[BlackElo "1605"]
[PlyCount "82"]
[EventDate "1996.??.??"]

{2/(38)} 1. b4 e6 2. b5 b6 3. c4 Bb7 4. a3 d5 5. e3 Nf6 6. Bb2 Be7 7. Be2 O-O
8. Nf3 dxc4 9. Bxc4 Bd5 10. Be2 c6 11. Nc3 cxb5 12. Bxb5 Nbd7 13. d4 Bb7 14.
O-O a6 15. Ba4 b5 16. Bc2 Nb6 17. Nd2 Nfd5 18. Nxd5 Qxd5 19. e4 Qg5 20. Nf3 Qg6
21. Re1 Nc4 22. Bc1 f6 23. Nh4 Qe8 24. Qg4 Bc8 25. Bh6 Rf7 26. a4 f5 27. exf5
Bxh4 28. fxe6 Bxf2+ 29. Kh1 Bxe1 30. Rxe1 Qxe6 31. Qg3 Qxh6 32. axb5 axb5 33.
h3 Bb7 34. Rd1 Ne3 35. Rd2 Nf1 36. Qd3 Nxd2 37. d5 Ra1+ 38. Kh2 Qd6+ 39. Qg3
Nf1+ 40. Kg1 Nxg3+ 41. Kh2 Ne2+ 0-1

[Event "Detroit (MI Action/1/23)"]
[Site "?"]
[Date "1996.??.??"]
[Round "?"]
[White "Frantz, John C"]
[Black "Simmons, P."]
[Result "0-1"]
[WhiteElo "1605"]
[BlackElo "1605"]
[PlyCount "68"]
[EventDate "1996.??.??"]

{1/(23)} 1. e4 d5 2. Bb5+ c6 3. Be2 dxe4 4. f3 exf3 5. Nxf3 Nf6 6. O-O Bf5 7.
Nc3 Nbd7 8. b3 e5 9. Nh4 Be6 10. h3 Bd6 11. Bc4 Bxc4 12. bxc4 O-O 13. Nf3 Bc5+
14. d4 exd4 15. Nxd4 Qb6 16. Be3 Rfe8 17. Re1 Ne4 18. Nf3 Nxc3 19. Qxd7 Bxe3+
20. Rxe3 Qxe3+ 21. Kh2 Qf2 22. Rg1 Ne2 23. Rd1 Nf4 24. Rg1 Re2 25. Qg4 Ne6 26.
a4 Rxc2 27. Ra1 Qe2 28. Ng1 Qe5+ 29. Kh1 Qxa1 30. Qe4 Rc1 31. Kh2 Rxg1 32. g4
Rh1+ 33. Qxh1 Qxh1+ 34. Kxh1 Rd8 0-1

[Event "Kalamazoo (Mini-Swiss/2/3)"]
[Site "?"]
[Date "1996.??.??"]
[Round "?"]
[White "Franklin, Stan"]
[Black "Virupannavar, V."]
[Result "1-0"]
[WhiteElo "1835"]
[BlackElo "1605"]
[PlyCount "61"]
[EventDate "1996.??.??"]

{2/(3)} 1. e4 e6 2. d4 d6 3. c4 Nf6 4. Nc3 Nc6 5. Bg5 Be7 6. Nf3 Ng4 7. Bxe7
Qxe7 8. Be2 Nb4 9. a3 Nc6 10. h3 Nf6 11. O-O O-O 12. Re1 Nh5 13. Qd2 Bd7 14.
Rad1 Na5 15. Qc2 Nf4 16. Bf1 Rae8 17. b4 Nc6 18. Qd2 e5 19. dxe5 dxe5 20. Qxd7
Qf6 21. Qg4 Rd8 22. Nd5 Nxd5 23. exd5 Ne7 24. Rxe5 Rfe8 25. Rde1 g6 26. h4 h5
27. Qg5 Qd6 28. Qh6 Qd7 29. Ng5 Nf5 30. Qh7+ Kf8 31. Qh8# 1-0

[Event "Kalamazoo (Mini-Swiss.1/1)"]
[Site "?"]
[Date "1996.??.??"]
[Round "?"]
[White "Franklin, Stan"]
[Black "Estlick, Laurence"]
[Result "0-1"]
[WhiteElo "1840"]
[BlackElo "1985"]
[PlyCount "80"]
[EventDate "1996.??.??"]

{1/(1)} 1. e4 e6 2. d4 d5 3. Nd2 c5 4. c3 Nc6 5. Bb5 cxd4 6. cxd4 a6 7. Bxc6+
bxc6 8. e5 c5 9. Ngf3 Nh6 10. O-O Nf5 11. Nb3 cxd4 12. Nbxd4 Nxd4 13. Qxd4 Be7
14. Bf4 O-O 15. Rac1 Bb7 16. Rc2 Qd7 17. h4 Rfc8 18. Rfc1 Rxc2 19. Rxc2 Rc8 20.
Qd3 Rxc2 21. Qxc2 Qc6 22. Qxc6 Bxc6 23. g3 Bc5 24. Kf1 f6 25. a3 Bb5+ 26. Ke1
Kf7 27. b4 Bb6 28. g4 Ke7 29. g5 f5 30. Nd2 Kd7 31. Nb3 Bc4 32. Nc5+ Bxc5 33.
bxc5 d4 34. Bd2 Kc6 35. Bb4 Kb5 36. f4 Bd5 37. Kd2 a5 38. Bxa5 Kxa5 39. Kd3 g6
40. Kxd4 Kb5 0-1

[Event "Eastpointe (EDO/2/1)"]
[Site "?"]
[Date "1996.??.??"]
[Round "?"]
[White "Franke, R."]
[Black "Thompson, Dexter"]
[Result "0-1"]
[WhiteElo "1800"]
[BlackElo "2305"]
[PlyCount "112"]
[EventDate "1996.??.??"]

{2/(1)} 1. d4 d5 2. c4 c6 3. cxd5 cxd5 4. Nc3 Nc6 5. e3 Bf5 6. Bd3 Bxd3 7. Qxd3
e6 8. a3 Nf6 9. Nf3 Bd6 10. O-O O-O 11. e4 dxe4 12. Nxe4 Nxe4 13. Qxe4 h6 14.
Bf4 Rc8 15. Rac1 Bxf4 16. Qxf4 Qd5 17. Rc5 Nxd4 18. Rxd5 Ne2+ 19. Kh1 Nxf4 20.
Rd7 Rb8 21. Rc1 Nd5 22. g3 Rfd8 23. Rxd8+ Rxd8 24. Kg2 Kf8 25. Kf1 f6 26. Ke2
Ke7 27. Ne1 e5 28. f3 Rd7 29. Nd3 b6 30. Rc4 Rc7 31. Rxc7+ Nxc7 32. Ke3 Ke6 33.
Nf2 f5 34. Kd3 Kd5 35. h3 Ne6 36. Nd1 Ng5 37. Ne3+ Ke6 38. Kc4 Nxf3 39. Kb5
Nd4+ 40. Ka6 f4 41. gxf4 exf4 42. Ng4 Nc6 43. Kb7 Kd5 44. b4 Nxb4 45. Kxa7 Nc2
46. Kxb6 Nxa3 47. Kc7 h5 48. Nf2 g5 49. Kd7 Nc4 50. Ke7 Ke5 51. Kf7 Kf5 52. Ke7
g4 53. hxg4+ hxg4 54. Kd7 g3 55. Nh3 f3 56. Kc6 f2 0-1

[Event "Detroit (Class A/3/12)"]
[Site "?"]
[Date "1996.??.??"]
[Round "?"]
[White "Forte, Joe"]
[Black "Turner, Keita"]
[Result "0-1"]
[WhiteElo "1915"]
[BlackElo "1900"]
[PlyCount "44"]
[EventDate "1996.??.??"]

{3/(12)} 1. d4 Nf6 2. c4 g6 3. Nc3 Bg7 4. e4 d6 5. f3 O-O 6. Be3 e5 7. d5 Nh5
8. Nge2 f5 9. exf5 gxf5 10. Qd2 Na6 11. O-O-O Nc5 12. g4 fxg4 13. fxg4 Bxg4 14.
Rg1 Nf6 15. Bh6 Rf7 16. h3 Bh5 17. Ng3 Bxd1 18. Nf5 Nh5 19. Nxg7 Nxg7 20. Qxd1
Qf6 21. Qh5 Qxf1+ 22. Rxf1 Rxf1+ 0-1

[Event "Detroit (Class A/1/10)"]
[Site "?"]
[Date "1996.??.??"]
[Round "?"]
[White "Forte, Joe"]
[Black "Roberts, Kenneth"]
[Result "1/2-1/2"]
[WhiteElo "1915"]
[BlackElo "1850"]
[PlyCount "77"]
[EventDate "1996.??.??"]

{1/(10)} 1. d4 Nf6 2. c4 g6 3. Nc3 d5 4. cxd5 Nxd5 5. e4 Nxc3 6. bxc3 Bg7 7.
Bc4 c5 8. Ne2 O-O 9. O-O Nc6 10. Be3 Na5 11. Bd3 f5 12. e5 c4 13. Bc2 Qd5 14.
Qd2 Rd8 15. Rad1 Qf7 16. Qc1 b6 17. Bh6 Bb7 18. Bxg7 Kxg7 19. Qe3 e6 20. Qg3
Nc6 21. Nf4 Ne7 22. Nh5+ Kh8 23. Nf6 Nd5 24. Nxd5 Bxd5 25. f4 Rg8 26. Rb1 Qe7
27. h4 h6 28. Bd1 g5 29. hxg5 hxg5 30. Kf2 g4 31. Be2 Kg7 32. Rh1 Rh8 33. Bxg4
fxg4 34. Qxg4+ Kf7 35. f5 exf5 36. Qxf5+ Kg7 37. Qg4+ Kf7 38. Qf5+ Kg7 39. Qg4+
1/2-1/2

[Event "Detroit (Class B/3/10)"]
[Site "?"]
[Date "1996.??.??"]
[Round "?"]
[White "Foord, Allan"]
[Black "al-Shareef, Robert"]
[Result "0-1"]
[WhiteElo "1615"]
[BlackElo "1685"]
[PlyCount "50"]
[EventDate "1996.??.??"]

{3/(10)} 1. e4 c5 2. Nf3 d6 3. d4 cxd4 4. Nxd4 Nf6 5. Nc3 a6 6. Bg5 e6 7. f4
Qc7 8. Be2 Nbd7 9. O-O h6 10. Bxf6 Nxf6 11. Kh1 b5 12. a3 Bb7 13. Qd3 Be7 14.
Rad1 O-O 15. Qg3 Nxe4 16. Nxe4 Bxe4 17. Bd3 Bxd3 18. Qxd3 Rac8 19. c3 Qc4 20.
Qg3 Bf6 21. Nf3 Rfd8 22. Rfe1 Kf8 23. Nd2 Qa2 24. Rb1 Bxc3 25. bxc3 Qxd2 0-1

[Event "Flint (MI Senior/4/8)"]
[Site "?"]
[Date "1996.??.??"]
[Round "?"]
[White "Foord, Allan"]
[Black "Williams, Claude"]
[Result "1-0"]
[WhiteElo "1605"]
[BlackElo "1605"]
[PlyCount "37"]
[EventDate "1996.??.??"]

{4/(8)} 1. e4 d5 2. exd5 Nf6 3. d4 Bg4 4. f3 Bf5 5. c4 e6 6. dxe6 Qe7 7. Qe2
Bxe6 8. Nc3 Nc6 9. Be3 Bf5 10. g4 Bg6 11. g5 Nd7 12. Nd5 Nxd4 13. Bxd4 Qxe2+
14. Bxe2 O-O-O 15. O-O-O c6 16. Nf4 Bf5 17. Ngh3 Bd6 18. Bxg7 Rhe8 19. Rxd6 1-0

[Event "Lansing (MOR/2/19)"]
[Site "?"]
[Date "1996.??.??"]
[Round "?"]
[White "Foord, Allan"]
[Black "Tobias, Philip"]
[Result "1-0"]
[WhiteElo "1605"]
[BlackElo "1605"]
[PlyCount "93"]
[EventDate "1996.??.??"]

{2/(19)} 1. e4 d5 2. exd5 Qxd5 3. Nc3 Qa5 4. d4 c6 5. Bc4 Nf6 6. Bd2 Nbd7 7.
Nf3 Qc7 8. Qe2 Nb6 9. Bb3 Bg4 10. h3 Bxf3 11. Qxf3 e6 12. O-O O-O-O 13. Be3 Bd6
14. Rad1 Nbd5 15. Nxd5 exd5 16. c4 Rhg8 17. Bg5 Kb8 18. c5 Ka8 19. cxd6 Qxd6
20. Rfe1 h6 21. Bxf6 gxf6 22. Qe3 Qd7 23. Qxh6 Rh8 24. Qf4 Rdg8 25. Rd3 Rxh3
26. Rxh3 Qxh3 27. Re8+ Rxe8 28. gxh3 a6 29. Qxf6 Re4 30. h4 Re1+ 31. Kg2 Re2
32. h5 Re6 33. Qxe6 fxe6 34. h6 Ka7 35. h7 Kb6 36. h8=Q Kb5 37. Qb8 b6 38. Qe5
a5 39. Qxe6 c5 40. Qxd5 a4 41. Qc4+ Kc6 42. Bxa4+ Kb7 43. dxc5 bxc5 44. Qxc5
Ka6 45. Qb5+ Ka7 46. Bb3 Ka8 47. Bd5+ 1-0

[Event "Eastpointe (EDO/1/25)"]
[Site "?"]
[Date "1996.??.??"]
[Round "?"]
[White "Foord, Allan"]
[Black "Stewart, Charles"]
[Result "0-1"]
[WhiteElo "1605"]
[BlackElo "1605"]
[PlyCount "32"]
[EventDate "1996.??.??"]

{1/(25)} 1. e4 e5 2. Nf3 Nc6 3. Bb5 d6 4. d4 Bd7 5. Nc3 Nge7 6. Bg5 f6 7. Be3
exd4 8. Nxd4 Ne5 9. Ne6 Qc8 10. Nxf8 Bxb5 11. Nxb5 Rxf8 12. Qh5+ N7g6 13. Qxh7
Qd7 14. Nxc7+ Qxc7 15. Bh6 Qxc2 16. Bxg7 Nd3+ 0-1

[Event "Ann Arbor (Mini-Swiss/2/8)"]
[Site "?"]
[Date "1996.??.??"]
[Round "?"]
[White "Foord, Allan"]
[Black "Solon, Nathan"]
[Result "1-0"]
[WhiteElo "1605"]
[BlackElo "1605"]
[PlyCount "119"]
[EventDate "1996.??.??"]

{2/(8)} 1. e4 c5 2. Nf3 d6 3. d4 cxd4 4. Nxd4 Nf6 5. Nc3 g6 6. Be3 Bg7 7. f3
Nc6 8. Qd2 O-O 9. Bc4 Bd7 10. h4 h5 11. O-O-O Rc8 12. Bb3 Ne5 13. Bg5 a6 14.
Qe2 b5 15. Rhe1 Qa5 16. Bxf6 Bxf6 17. g3 Bg7 18. Nd5 Rfe8 19. Kb1 Nc4 20. Bxc4
Rxc4 21. Nb3 Qd8 22. Qe3 e6 23. Nb6 Rc6 24. Nxd7 Qxd7 25. e5 Qc7 26. exd6 Rxd6
27. Rxd6 Qxd6 28. f4 Rc8 29. Qd3 Qxd3 30. cxd3 Kf8 31. Rc1 Rxc1+ 32. Kxc1 Ke7
33. Nc5 Bd4 34. b4 f5 35. Nxa6 Bf2 36. Nc7 Bxg3 37. Nxb5 Bxf4+ 38. Kd1 Kd7 39.
a4 Bg3 40. a5 Kc6 41. Nd4+ Kb7 42. Nxe6 Bxh4 43. Nf4 g5 44. Nxh5 g4 45. Nf4 Be7
46. b5 Bd6 47. Ng2 f4 48. a6+ Kb6 49. Ke1 f3 50. Ne3 g3 51. Nc4+ Kxb5 52. Nxd6+
Kxa6 53. Ne4 g2 54. Kf2 Kb5 55. Ng5 Kb4 56. Nxf3 Kc3 57. Ne1 Kd4 58. Kxg2 Ke3
59. Kg3 Kd4 60. Kf4 1-0

[Event "Detroit (Class B/2/7)"]
[Site "?"]
[Date "1996.??.??"]
[Round "?"]
[White "Foord, Allan"]
[Black "Schey, Danny"]
[Result "0-1"]
[WhiteElo "1615"]
[BlackElo "1720"]
[PlyCount "46"]
[EventDate "1996.??.??"]

{2/(7)} 1. e4 e5 2. Nf3 Nc6 3. Bb5 a6 4. Ba4 Nf6 5. O-O b5 6. Bb3 Bb7 7. Re1
Bc5 8. c3 d6 9. d4 Bb6 10. Bg5 Qd7 11. a4 O-O-O 12. axb5 axb5 13. Na3 Na5 14.
Bc2 h6 15. Bh4 g5 16. Bg3 h5 17. dxe5 h4 18. exf6 hxg3 19. hxg3 Qg4 20. Nd4 Rh7
21. e5 Rh1+ 22. Kxh1 Qh3+ 23. Kg1 Qxg2# 0-1